00861nam a2200229 a 4500001001000000003000400010005001700014008004100031040002800072082001800100100002500118245012400143260008300267300002800350490001300378504003600391650006600427650006900493700002800562700002800590830001300618000006698OSt20201012113929.0090902s1997 dr a 000 0 spa d aDO-SdBNPbspacDO-SdBNP a005.43bH558c1 aHernández, Omar E.10aClic a clic, navegando... Microsoft windows 95 /cOmar E. Hernández, Henry A. Mena Guzmán ; prólogo Zaheer Ahmed. aSan Francisco de Macorís, República Dominicana :fWinsoft computer,c1997. a327 p. :bil. ;c27 cm.1 aSeri WSC aIncluye bibliografía (p. 328) 4a Windows 95 (Sistema operacional para computador) vManuales  7aMicrosoft windows 95 (programa para computador)2LembvManuales 1 aMena Guzmán, Henry A.1 aAhmed, Zaheer,epról. 0aSeri WSC